Régimen fiscal de los extranjeros en México /

Contenido: algunas consideraciones sobre el régimen jurídico fiscal internacional; el sistema impositivo mexicano y su fundamención constitucional; los factores de vinculación; la residencia en territorio nacional;la fuente de riqueza; gravámenes sobre ingresos derivados de: la prestación de servici...

Fuld beskrivelse

Guardado en:
Bibliografiske detaljer
Hovedforfatter: Tron, Manuel E. (autor)
Format: Bog
Sprog:spansk
Udgivelse:3a edición
Fag:
Tags: Tilføj Tag
Ingen Tags, Vær først til at tagge denne postø!

MARC

LEADER 00000nam^a2200000^a^4500
001 000036821
005 20250521000000.0
009 20260310085403.729
020 |a 968-454-343-3 
037 |a Acervo ITESO - Biblioteca 
041 |a ESP 
082 |a 342. 72  |b TRO 
100 |a Tron, Manuel E.  |e (autor) 
245 1 0 |a Régimen fiscal de los extranjeros en México /  |c M.E. Tron. 
250 |a 3a edición 
264 |a México :  |b Themis,  |c 1993 
300 |a 386 p. 
336 |a texto  |b txt  |2 rdacontenido 
337 |a sin mediación  |b n  |2 rdamedio 
338 |a volumen  |b nc  |2 rdasoporte 
520 |a Contenido: algunas consideraciones sobre el régimen jurídico fiscal internacional; el sistema impositivo mexicano y su fundamención constitucional; los factores de vinculación; la residencia en territorio nacional;la fuente de riqueza; gravámenes sobre ingresos derivados de: la prestación de servicios personales, otorgamiento del uso o goce temporal de bienes, la enajenación de bienes, los rendimientos de capital, la fuente de riqueza en México; la representación en México para efectos fiscales de los residentes en el extranjero; algunos convenios de México con otros países; bibliografía. 
649 |a XX 
650 |a Derecho Fiscal -  |z México 
650 |a Impuestos -  |z México 
650 |a Extranjeros en México -  |x Condiciones Jurídicas 
910 |a Fondo General 
920 |a Impresos - Libros 
930 |a Colección General 
905 |a 101 
901 |a 0368210100  |b IT1  |c ACC  |i 036821  |u 20250521 
902 |a https://opac.biblio.iteso.mx/vufind/Record/000036821